Základná charakteristika platobných a zabezpečovacích nástrojov

Vznik bankových a platobných nástrojov, ich členenie. Mechanizmus platenia. Platobné dokumenty. Doklady slúžiace ako dôkaz dlhovej sumy. Doklady slúžiace ako poistenie prepravy tovaru. Doklady slúžiace ako dôkaz súladu tovaru so zmluvou. Doklady služiace ako dôkaz o zaslatí tovaru. Miesto platenia a...

ver descrição completa

Na minha lista:
Detalhes bibliográficos
Autor principal: Jánoš, Daniel
Formato: Capítulo de Livro
Idioma:eslovaco
Assuntos:
Tags: Adicionar Tag
Sem tags, seja o primeiro a adicionar uma tag!

MARC

LEADER 00000naa a2200000 4500
001 r033006
005 20230911132024.7
041 0 |a slo 
044 |a SK 
245 1 0 |a Základná charakteristika platobných a zabezpečovacích nástrojov  |c Daniel Jánoš 
520 |a Vznik bankových a platobných nástrojov, ich členenie. Mechanizmus platenia. Platobné dokumenty. Doklady slúžiace ako dôkaz dlhovej sumy. Doklady slúžiace ako poistenie prepravy tovaru. Doklady slúžiace ako dôkaz súladu tovaru so zmluvou. Doklady služiace ako dôkaz o zaslatí tovaru. Miesto platenia a dodacie podmienky. Riziká v platobnom styku. 
610 2 0 |a nástroje bankové 
610 2 0 |a obchod 
610 2 0 |a kontrakty 
610 2 0 |a faktúry 
610 2 0 |a preprava 
610 2 0 |a tovar 
610 2 0 |a osvedčenie 
610 2 0 |a styk platobný 
610 2 0 |a styk platobný hotovostný 
610 2 0 |a styk platobný bezhotovostný 
610 2 0 |a podmienky dodacie 
100 1 |a Jánoš, Daniel